La terre
সংরক্ষণ করুন:
| প্রধান লেখক: | |
|---|---|
| বিন্যাস: | গ্রন্থ |
| ভাষা: | Undetermined |
| প্রকাশিত: |
Paris
Gallimard
1994
|
| বিষয়গুলি: | |
| ট্যাগগুলো: |
ট্যাগ যুক্ত করুন
কোনো ট্যাগ নেই, প্রথমজন হিসাবে ট্যাগ করুন!
|
| Thư viện lưu trữ: | Trung tâm Học liệu Trường Đại học Cần Thơ |
|---|
| LEADER | 00484nam a2200193Ia 4500 | ||
|---|---|---|---|
| 001 | CTU_149190 | ||
| 008 | 210402s9999 xx 000 0 und d | ||
| 082 | |a 550 | ||
| 082 | |b R797 | ||
| 100 | |a Rose, Susanna Van | ||
| 245 | 0 | |a La terre | |
| 245 | 0 | |c Author: Susanna Van Rose | |
| 260 | |a Paris | ||
| 260 | |b Gallimard | ||
| 260 | |c 1994 | ||
| 650 | |a Earth sciences | ||
| 650 | |x Juvenile literature | ||
| 904 | |i Giang | ||
| 980 | |a Trung tâm Học liệu Trường Đại học Cần Thơ | ||